|
|
|
|
| LEADER |
00000cam a2200000 7i4500 |
| 001 |
0000003669 |
| 005 |
20080131.0 |
| 020 |
0 |
0 |
|a 9836286926
|
| 090 |
0 |
0 |
|a R 712.03
|b MUS
|
| 100 |
1 |
0 |
|a Mustafa Kamal bin Mohd. Shariff
|
| 245 |
1 |
0 |
|a Kamus landskap
|c penyusun Mustafa Kamal bin Mohd. Shariff, Norizan binti Mohamed
|
| 260 |
0 |
0 |
|a Kuala Lumpur :
|b Dewan Bahasa dan Pustaka ,
|c 2005
|
| 300 |
|
|
|a 239ms. :
|b il. ;
|c 22cm.
|
| 440 |
0 |
0 |
|a Siri kamus istilah MABBIM
|
| 650 |
0 |
0 |
|a Landscape
|x Dictionaries
|
| 700 |
1 |
1 |
|a Norizan Mohamed
|
| 999 |
|
|
|a 0000006981
|b Monograph
|c Reference
|e Default branch
|